<?xml version="1.0" encoding="UTF-8"?>
<record
    xmlns:xsi="http://www.w3.org/2001/XMLSchema-instance"
    xsi:schemaLocation="http://www.loc.gov/MARC21/slim http://www.loc.gov/standards/marcxml/schema/MARC21slim.xsd"
    xmlns="http://www.loc.gov/MARC21/slim">

  <leader>03778nam a2200421Ia 4500</leader>
  <controlfield tag="003">OSt</controlfield>
  <controlfield tag="005">20260705145037.0</controlfield>
  <controlfield tag="008">  2310s2022    ua a   frm      000 engnd d</controlfield>
  <datafield tag="040" ind1=" " ind2=" ">
    <subfield code="a">EG-EULC</subfield>
    <subfield code="b">eng</subfield>
    <subfield code="c">EG-EULC</subfield>
    <subfield code="d">EG-EULC</subfield>
    <subfield code="e">rda</subfield>
  </datafield>
  <datafield tag="041" ind1="0" ind2=" ">
    <subfield code="a">eng</subfield>
    <subfield code="b">eng</subfield>
    <subfield code="b">ara</subfield>
  </datafield>
  <datafield tag="049" ind1=" " ind2=" ">
    <subfield code="a">Deposit</subfield>
  </datafield>
  <datafield tag="082" ind1=" " ind2=" ">
    <subfield code="a">610</subfield>
  </datafield>
  <datafield tag="092" ind1=" " ind2=" ">
    <subfield code="a">610</subfield>
    <subfield code="2">21</subfield>
  </datafield>
  <datafield tag="097" ind1=" " ind2=" ">
    <subfield code="a">M.Sc</subfield>
  </datafield>
  <datafield tag="099" ind1=" " ind2=" ">
    <subfield code="a">Cai01.19.04.M.Sc.2022.Ib.C</subfield>
  </datafield>
  <datafield tag="100" ind1=" " ind2=" ">
    <subfield code="a">Ibrahim Adel Mohammed Shaker,</subfield>
    <subfield code="e">preparation.</subfield>
  </datafield>
  <datafield tag="245" ind1=" " ind2=" ">
    <subfield code="a">Clinicopathological Study and Management of Primary Malignant Scapular Tumors 10 years National Cancer Institute experience /</subfield>
    <subfield code="c">by Ibrahim Adel Mohammed Shaker ; Supervised Prof.Dr.Magdy Ibrahim Elsherbiny , Prof.Dr.Ihab Samy Fayek , Prof.Dr.Ibrahim Abdelrahman Ibrahim</subfield>
  </datafield>
  <datafield tag="246" ind1=" " ind2=" ">
    <subfield code="a">&#x62F;&#x631;&#x627;&#x633;&#x629; &#x628;&#x627;&#x62B;&#x648;&#x644;&#x648;&#x62C;&#x64A;&#x647; &#x627;&#x643;&#x644;&#x64A;&#x646;&#x64A;&#x643;&#x64A;&#x629; &#x648;&#x639;&#x644;&#x627;&#x62C;&#x64A;&#x629; &#x644;&#x644;&#x623;&#x648;&#x631;&#x627;&#x645;&#x627;&#x644;&#x62E;&#x628;&#x64A;&#x62B;&#x629; &#x627;&#x644;&#x623;&#x648;&#x644;&#x64A;&#x629; &#x644;&#x639;&#x638;&#x645;&#x629; &#x627;&#x644;&#x644;&#x648;&#x62D; &#x62E;&#x628;&#x631;&#x629; &#x627;&#x644;&#x639;&#x634;&#x631; &#x633;&#x646;&#x648;&#x627;&#x62A; &#x627;&#x644;&#x623;&#x62E;&#x64A;&#x631;&#x629; &#x628;&#x627;&#x644;&#x645;&#x639;&#x647;&#x62F; &#x627;&#x644;&#x642;&#x648;&#x645;&#x64A; &#x644;&#x644;&#x623;&#x648;&#x631;&#x627;&#x645;</subfield>
  </datafield>
  <datafield tag="264" ind1=" " ind2="0">
    <subfield code="c">2022.</subfield>
  </datafield>
  <datafield tag="300" ind1=" " ind2=" ">
    <subfield code="a">147 p. :</subfield>
    <subfield code="b">illustrations ;</subfield>
    <subfield code="c">25cm+</subfield>
    <subfield code="e">CD</subfield>
  </datafield>
  <datafield tag="336" ind1=" " ind2=" ">
    <subfield code="2">rda content</subfield>
    <subfield code="a">text</subfield>
  </datafield>
  <datafield tag="337" ind1=" " ind2=" ">
    <subfield code="2">rdamedia</subfield>
    <subfield code="a">Unmediated</subfield>
  </datafield>
  <datafield tag="338" ind1=" " ind2=" ">
    <subfield code="2">rdacarrier</subfield>
    <subfield code="a">volume</subfield>
  </datafield>
  <datafield tag="502" ind1=" " ind2=" ">
    <subfield code="a">Thesis (M.Sc.)-Cairo University,2022. Thesis (Ph.D)-Cairo University,2022.</subfield>
  </datafield>
  <datafield tag="504" ind1=" " ind2=" ">
    <subfield code="a">Bibliography: p. 124-144.</subfield>
  </datafield>
  <datafield tag="520" ind1=" " ind2="3">
    <subfield code="a">Introduction: Primary malignant bone tumours of the scapula are very rare. Apart from  limited small series and some case reports, international literature on flat bone sarcoma  is exiguous and not much is known about the oncological outcome Aim of work: Reviewing clinicopathological features and surgical management of  cases with primary malignant scapular tumors at NCI from January 2009 to December 2019.  Patients and methods: This was a retrospective descriptive analysis involving 25  patients with primary malignant scapular tumors who were presented at National Cancer  Institute (NCI), Cairo University (CU) over a period of 10 years from January 2009 to  December2019 to discuss different clinicopathological CHARacteristics and surgical managements.  Results: The Mean age of our patients was 33.4years old ranging from 9 to 86 year, males are 14 patients (56%) while only 11 patients (44%) are female, in our study and  the results were chondrosarcoma in 14 patients (56.0), EWING/PNET in 7 patients  (28.0%), Osteosarcoma in 2 patients (8.0%), spindle cell sarcoma in 1 patient (4.0) and  Aneurysmal bone cyst in 1 patient (4.0%).Also there were 13 patients (52.0%) treated  with type IIA resection , 6 patients (24%) treated with type IIIB resection and only 1  patient (4.0%) treated with type IVB resection.in addition , there were another 5 patients  (20.0%) had no surgical intervention due to very poor general condition and metastatic  nature. Overall survival at 6 months was 92% and was 88%, 75.4% and 65.4% at first  year, 3rd year and 5 th year respectively Conclusion: Primary malignant scapular tumor is usually rare, early diagnosis is very  important, as surgical excision with wide negative margin (limb sparing surgery) is the  main line of treatment in most of cases and to decrease recurrence rate, otherwise palliative treatment and forequarter amputation may be indicated</subfield>
  </datafield>
  <datafield tag="530" ind1=" " ind2=" ">
    <subfield code="a">Issues also as CD.</subfield>
  </datafield>
  <datafield tag="546" ind1=" " ind2=" ">
    <subfield code="a">Text in English and abstract in Arabic &amp; English.</subfield>
  </datafield>
  <datafield tag="650" ind1=" " ind2=" ">
    <subfield code="a">Cancer</subfield>
  </datafield>
  <datafield tag="653" ind1=" " ind2=" ">
    <subfield code="a">tumors</subfield>
  </datafield>
  <datafield tag="700" ind1=" " ind2=" ">
    <subfield code="a">Magdy Ibrahim Elsherbiny</subfield>
    <subfield code="e">thesis advisor.</subfield>
  </datafield>
  <datafield tag="700" ind1=" " ind2=" ">
    <subfield code="a">Ihab Samy Fayek</subfield>
    <subfield code="e">thesis advisor.</subfield>
  </datafield>
  <datafield tag="700" ind1=" " ind2=" ">
    <subfield code="a">Ibrahim Abdelrahman Ibrahim</subfield>
    <subfield code="e">thesis advisor.</subfield>
  </datafield>
  <datafield tag="900" ind1=" " ind2=" ">
    <subfield code="b">01-01-2022</subfield>
    <subfield code="c">Magdy Ibrahim Elsherbiny</subfield>
    <subfield code="c">Ihab Samy Fayek</subfield>
    <subfield code="c">Ibrahim Abdelrahman Ibrahim</subfield>
    <subfield code="U">Cairo University</subfield>
    <subfield code="F">National Cancer Institute </subfield>
    <subfield code="D">Department of surgical oncology</subfield>
  </datafield>
  <datafield tag="905" ind1=" " ind2=" ">
    <subfield code="a">Shimaa</subfield>
  </datafield>
  <datafield tag="942" ind1=" " ind2=" ">
    <subfield code="c">TH</subfield>
    <subfield code="2">ddc</subfield>
  </datafield>
  <datafield tag="999" ind1=" " ind2=" ">
    <subfield code="c">163908</subfield>
  </datafield>
  <datafield tag="952" ind1=" " ind2=" ">
    <subfield code="2">ddc</subfield>
    <subfield code="9">295557</subfield>
    <subfield code="a">CUCL</subfield>
    <subfield code="b">cl210</subfield>
    <subfield code="d">2024-02-11</subfield>
    <subfield code="i">85988</subfield>
    <subfield code="o">Cai01.19.04.M.Sc.2022.Ib.C</subfield>
    <subfield code="p">01010110085988000</subfield>
    <subfield code="r">2023-10-30 00:00:00</subfield>
    <subfield code="w">2023-10-30</subfield>
    <subfield code="y">TH</subfield>
  </datafield>
</record>
